Giuseppe Terragni
שמור ב:
| מחבר ראשי: | |
|---|---|
| פורמט: | ספר |
| שפה: | ספרדית |
| יצא לאור: |
Barcelona
Gustavo Gili
1981
|
| סדרה: | Estudio Paperback
|
| נושאים: | |
| תגים: |
הוספת תג
אין תגיות, היה/י הראשונ/ה לתייג את הרשומה!
|
MARC
| LEADER | 00000nam a2200000 a 4500 | ||
|---|---|---|---|
| 001 | UCT1742 | ||
| 003 | CL-VaPUC | ||
| 008 | 961004e19810000SP |||||||||||||||||spa|d | ||
| 082 | 0 | 4 | |a 720.92 |b ZEV |2 21 |
| 100 | 0 | |a Zevi, Bruno |e author |9 370786 | |
| 245 | 1 | 0 | |a Giuseppe Terragni |
| 300 | |a 224 p | ||
| 942 | |c BK | ||
| 945 | |d 19961004 00:00:00 |a rleighto | ||
| 260 | |a Barcelona |b Gustavo Gili |c 1981 | ||
| 650 | 0 | |a Arquitectura moderna |9 265021 | |
| 650 | 0 | |a Arquitectura |y Siglo 20 |9 266208 | |
| 650 | 0 | |a Monumentos |9 265246 | |
| 650 | 0 | |a Construcción |9 260195 | |
| 650 | 0 | |a Edificios |9 260501 | |
| 650 | 0 | |a Vivienda |9 258662 | |
| 583 | |a last modification |c 20160901 05:33:23 |k Rodrigo Vera | ||
| 490 | 0 | |a Estudio Paperback | |
| 999 | |c 252193 |d 252191 | ||
| 952 | |0 0 |1 0 |4 0 |6 720_920000000000000_ZEV_1981 |7 0 |8 A |9 271923 |a BIBARQ |b BIBARQ |d 2019-11-19 |i 3235173 |o 720.92 ZEV 1981 |p 3235173 |r 2025-01-20 |w 2019-11-19 |y BK |k ARQ | ||